The oxford India anthology of Tamil dalit writing / (Record no. 64514)

MARC details
000 -LEADER
fixed length control field 01132nam a22002537a 4500
005 - DATE AND TIME OF LATEST TRANSACTION
control field 2012032903393.0
010 ## - LCCN (DPL NO)
LC control number ENG-104913 B-492471
020 ## - INTERNATIONAL STANDARD BOOK NUMBER
International Standard Book Number 9780198079385
Terms of availability 595.00
020 ## - INTERNATIONAL STANDARD BOOK NUMBER
International Standard Book Number 0198079389
Terms of availability 595.00
035 ## - SYSTEM CONTROL NUMBER
System control number EN-88446 B-492471
037 ## - SOURCE OF ACQUISITION
Source of stock number/acquisition DBAD/PUB
037 ## - SOURCE OF ACQUISITION
Source of stock number/acquisition UBH/Ven
082 ## - DEWEY DECIMAL CLASSIFICATION NUMBER
Classification number 871.8
245 ## - TITLE STATEMENT
Title The oxford India anthology of Tamil dalit writing /
Statement of responsibility, etc edited by Ravikumar [and] R. Azhagarasan
260 ## - PUBLICATION, DISTRIBUTION, ETC. (IMPRINT)
Place of publication, distribution, etc New Delhi
Name of publisher, distributor, etc Oxford University Press
Date of publication, distribution, etc 2012
270 ## - ADDRESS
Address YMCA Library Building, 1 Jai Singh Road
City New Delhi
Postal code 110001
300 ## - PHYSICAL DESCRIPTION
Extent xxxiii,334p.
Dimensions 23cm(Hb)
700 ## - ADDED ENTRY--PERSONAL NAME
Personal name Ravikumar
9 (RLIN) 44518
700 ## - ADDED ENTRY--PERSONAL NAME
Personal name Azhagarasan, R.
9 (RLIN) 44519
942 ## - ADDED ENTRY ELEMENTS (KOHA)
Source of classification or shelving scheme Dewey Decimal Classification
Item type English Books
Call number suffix OXF
Classification part 871.8
Holdings
Withdrawn status Lost status Not for loan Collection code Home library Current library Date acquired Source of acquisition Cost, normal purchase price Full call number Barcode Copy number Cost, replacement price Koha item type
      Non-fiction Central Library Central Library 27/02/2013 UBH/214/18.01.2013/129/18.12.2012/29.01.2013 595.00 871.8 OXF B-492471 1 595.00 English Books
    Not For Loan Non-fiction D.B.Act.Division D.B.Act.Division 29/03/2012 DBAD/PUB 595.00 871.8 OXF EN-88446 1 595.00 English Books

© Delhi Public Library
Hit Counter
free hit counter